| 000 | 00576cam a22002171a 4500 | ||
|---|---|---|---|
| 001 | ca 31000860 | ||
| 003 | DLC | ||
| 005 | 20260227111126.0 | ||
| 008 | 860129s1931 ohu 000 0 eng | ||
| 010 | _aca 31000860 | ||
| 035 | _a(OCoLC)13079869 | ||
| 040 |
_aDLC _cOCoO _dOCoO _dDLC |
||
| 042 | _apremarc | ||
| 050 | 0 | 0 |
_aPS3503.A5442 _bG6 1931 |
| 082 | _a811.5 | ||
| 100 | 1 | _aBaker, Magdalena D. H. | |
| 245 | 1 | 0 |
_aGleanings from life / _cby Magdalena D.H. Baker. |
| 260 |
_aCincinnati, Ohio : _bM.D.H. Baker, _cc1931. |
||
| 300 |
_a40 p. ; _c18 cm. |
||
| 500 | _aPoems. | ||
| 999 |
_c16867 _d16867 |
||